A face oculta (Record no. 157258)

MARC details
000 -LÍDER
campo de controle de tamanho fixo 00354 a2200157 4500
001 - NÚMERO DE CONTROLE
campo de controle 157258
020 ## - ISBN - INTERNATIONAL STANDARD BOOK NUMBER
ISBN - International Standard Book Number 9788502083844
040 ## - FONTE DA CATALOGAÇÃO
Instituição que transcreveu o registro Escola São Tomás de Aquino
100 ## - ENTRADA PRINCIPAL--NOME PESSOAL
Nome pessoal MALDONADO, Maria Teresa
240 10 - TÍTULO UNIFORME
Título uniforme A face oculta
Idioma da obra por
245 10 - TÍTULO
Título A face oculta
300 ## - DESCRIÇÃO FÍSICA
Extensão 96 p.
362 0# - DATAS DE PUBLICAÇÃO E/OU DESIGNAÇÃO SEQUENCIAL
Datas de publicação e/ou designação sequencial 2009
697 ## - ENTRADA DE ASSUNTO LOCAL--ENTIDADE COLETIVA (RLIN)
Nome corporativo ou nome da jurisdição *LITERATURA JUVENIL
942 ## - ELEMENTOS DE ENTRADA ADICIONADOS (KOHA)
Tipo de material Koha Livros
Holdings
Situação do descarte Situação das perdas Situação física Não pode ser emprestado Biblioteca de origem Biblioteca atual Data de aquisição Total de empréstimos Número de chamada completo Código de barras Data de último acesso Data do preço efetivo Tipo de material Koha Fonte da classificação ou esquema de arquivamento na estante
        Domus - Itaim Bibi Domus - Itaim Bibi 20/05/2024   808.8 M211f 9788563220448 20/05/2024 20/05/2024 Livros Classificação Decimal de Dewey
        Domus - Itaim Bibi Domus - Itaim Bibi 20/05/2024   808.8 M211f 9788563220523 20/05/2024 20/05/2024 Livros Classificação Decimal de Dewey
        ESTA - SÃO BENTO ESTA - SÃO BENTO 30/04/2024   028.54 MAL FAC EST00012047 30/04/2024 30/04/2024 Livros  
        ESTA - SÃO BENTO ESTA - SÃO BENTO 30/04/2024   028.54 MAL FAC EST00012048 30/04/2024 30/04/2024 Livros